Travellers in Ottoman Lands II

محفوظ في:

مؤلفون آخرون: Asceric-Todd, Ines (المحرر), Smajić, Aid (المحرر), Starkey, Janet (المحرر), Starkey, Paul (المحرر)

التنسيق: كتاب

منشور في: Oxford Archaeopress Publishing Ltd 2024

الوسوم: إضافة وسم

لا توجد وسوم, كن أول من يضع وسما على هذه التسجيلة!

رقم الطلب:

LEADER 00764namaa2200205 4500
001 9781803278599
003 UkOxAP
005 20260405155015.0
020 |a 9781803278605 
776 1 |x 9781803278599 
245 0 0 |a Travellers in Ottoman Lands II 
100 1 |a Asceric-Todd, Ines  |e Editor  |l English 
700 1 |a Smajić, Aid  |e Editor  |l English 
700 1 |a Starkey, Janet  |e Editor  |l English 
700 1 |a Starkey, Paul  |e Editor  |l English 
856 4 2 |a http://library.arce.org:8087/Archaeopress/Products/9781803278605 
260 |a Oxford  |b Archaeopress Publishing Ltd  |c 2024 
270 |a Archaeopress Publishing Ltd, Summertown Pavillion, 18 -24 Middle Way, Summertown  |b Oxford  |d United Kingdom  |e OX2 7LG  |k 44-1865-311914  |m info@archaeopress.com 
942 |2 lcc  |c EBOOK 
999 |c 62039  |d 62039